| 000 | 01945aab a2200445 a 4500 | ||
|---|---|---|---|
| 003 | AR-RoUNA | ||
| 008 | 140529||||||||||||||||| |||| 0|||| d | ||
| 040 |
_aAR-RoUNA _bspa |
||
| 041 |
_aspa _aeng |
||
| 044 | _aag | ||
| 080 | _a72.036 | ||
| 092 | _lON58 | ||
| 245 | 1 | 3 |
_aOn Diseño / _nNº 138 |
| 260 |
_aBarcelona : _bOn Diseño, _c1996 |
||
| 300 |
_a219 p. : _bdib. _bfot. col. _bplantas _c29x24 cm |
||
| 505 | 0 | _tNUEVA ARQUITECTURA HOTELERA | |
| 505 | 0 | _aMartorell, J. Bohigas. D. Mackay y A. Puigdomenech/ Hotel Claris (Barcelona). p. 108 | |
| 505 | 0 | _aGonzález Cordón Antonio. Pérez Escolano/ Hotel Plaza de Armas. (Sevilla). p. 120 | |
| 505 | 0 | _aJuanpere Josep. Puig Antonio / Gran Hotel Havana. p. 132 | |
| 505 | 0 | _aMestre Bartolé y Rabola Victor/ Hotel Fiesta. Elvissa. p. 140 | |
| 505 | 0 | _aEspinet . Ubach / Hotel St. Mortiz. (Barcelona). p. 148 | |
| 505 | 0 | _aAranda. R. Pigem y R. Vilalta / Albons Calm Hotel (Girona). p. 158 | |
| 505 | 0 | _aJuampere. J. A Puig. J. Romeau y Asociados/ Hotel Comtes de Barcelona Centre. p. 172 | |
| 505 | 0 | _aBayarri M. J. Gómez Segarra. J. Antonio Cordón y A. Canal / Hotel Podium. (Barcelona). p. 182 | |
| 505 | 0 | _aFerrater. Carlos. A Borrell y C. Borell / Gran Hotel Alexandra y Hotel Alfa. Sabadell. p. 188 | |
| 505 | 0 | _aSostres Josep María / Hotel María Victoria. p. 196 | |
| 505 | 0 | _tDOS RESTAURANTES | |
| 505 | 0 | _aRestaurante No me quite Pa/ Alicia Núñez y Josep Mº Gracia. p. 206 | |
| 505 | 0 | _aIñigo Correa y Federico Turull / Restaurante Servicio Wilson. p. 212 | |
| 650 |
_aArquitectura contemporanea _912621 |
||
| 653 | _aExposiciones | ||
| 653 | _aPremios | ||
| 700 | 1 |
_aLlopis, Carme _edrt _912622 |
|
| 773 |
_aOn Diseño _dBarcelona, AramEdiciones S.A, 1996 _gNº138 ( 1992). p.219 _x0210-2080 |
||
| 908 | _aImp | ||
| 930 |
_c170 _e6916 |
||
| 942 |
_2udc _cART |
||
| 945 |
_aMBP _d2019-02-20 |
||
| 980 |
_81 _gMaricel Allasia _61 _aMaricel Allasia |
||
| 999 |
_c12129 _d12129 |
||